Turning for home : (Record no. 1875)

MARC details
000 -LEADER
fixed length control field 01113cam a2200325 i 4500
001 - CONTROL NUMBER
control field data
005 - DATE AND TIME OF LATEST TRANSACTION
control field 20260322212122.0
008 - FIXED-LENGTH DATA ELEMENTS--GENERAL INFORMATION
fixed length control field data
035 ## - SYSTEM CONTROL NUMBER
System control number 17856511
010 ## - LIBRARY OF CONGRESS CONTROL NUMBER
LC control number 2013948221
020 ## - INTERNATIONAL STANDARD BOOK NUMBER
International Standard Book Number 9781935342014
035 ## - SYSTEM CONTROL NUMBER
System control number (OCoLC)858359515
040 ## - CATALOGING SOURCE
Original cataloging agency YDXCP
Language of cataloging eng
Description conventions rda
Transcribing agency YDXCP
Modifying agency DLC
-- BDX
-- IAM
-- OCLCQ
-- OCLCF
-- DLC
042 ## - AUTHENTICATION CODE
Authentication code lccopycat
050 00 - LIBRARY OF CONGRESS CALL NUMBER
Classification number GV191
Item number .G33 2013
082 00 - DEWEY DECIMAL CLASSIFICATION NUMBER
Classification number 796
Edition information 23
100 1# - MAIN ENTRY--PERSONAL NAME
Personal name Gaddis, Mike,
Relator term author.
245 10 - TITLE STATEMENT
Title Turning for home :
Remainder of title homecomings from a sportsman's heart /
Statement of responsibility, etc. by Mike Gaddis.
264 #1 - PRODUCTION, PUBLICATION, DISTRIBUTION, MANUFACTURE, AND COPYRIGHT NOTICE
Place of production, publication, distribution, manufacture [Columbia, SC?] :
Name of producer, publisher, distributor, manufacturer Sporting Classics,
Date of production, publication, distribution, manufacture, or copyright notice [2013]
300 ## - PHYSICAL DESCRIPTION
Extent xi, 360 pages ;
Dimensions 24 cm
336 ## - CONTENT TYPE
Content type term text
Content type code txt
Source rdacontent
337 ## - MEDIA TYPE
Media type term unmediated
Media type code n
Source rdamedia
338 ## - CARRIER TYPE
Carrier type term volume
Carrier type code nc
Source rdacarrier
650 #0 - SUBJECT ADDED ENTRY--TOPICAL TERM
Topical term or geographic name entry element Sports stories.
650 #7 - SUBJECT ADDED ENTRY--TOPICAL TERM
Topical term or geographic name entry element Sports.
Source of heading or term fast
Authority record control number or standard number (OCoLC)fst01130432
650 #7 - SUBJECT ADDED ENTRY--TOPICAL TERM
Topical term or geographic name entry element Sports stories.
Source of heading or term fast
Authority record control number or standard number (OCoLC)fst01130763
906 ## - LOCAL DATA ELEMENT F, LDF (RLIN)
a 7
b cbc
c origres
d 2
e ncip
f 20
g y-gencatlg
925 0# -
-- acquire
-- 1 shelf copy
-- policy default
955 ## - COPY-LEVEL INFORMATION (RLIN)
-- xk16 2020-11-30
Holdings
Withdrawn status Lost status Damaged status Not for loan Home library Current library Shelving location Date acquired Total checkouts Full call number Barcode Date last seen Price effective from Koha item type
        Troy Troy General stacks 22/03/2026   796 LOC-TPL-00007 22/03/2026 22/03/2026 Books